000 00456nam a2200145 4500
001 137919
003 ES-MaACL
007 t|
008 070214s1952 sp r ||||1| spa d
100 1 _aSánchez Díaz, Ramón.
_9102613
245 1 0 _aTrabajos escogidos
_b: del 90 al 36 /
_cR. Sánchez Díaz.
_n, . Tomo I,
_pViajes y cuentos.
260 _aMadrid :
_bAlhambra,
_c1952.
300 _aXV, 1 h., 424, 3 p., 1 lám. ;
_c21 cm.
852 _aES-MaACL
_jE-4158
999 _c137919
_d137919